Football : les joueurs qui ont reçu le plus de cartons au 21ème siècle - Statistiques

Statistiques générales
  • Ce quiz a été pris 94 fois
  • Le résultat moyen est 4 sur 10
Statistiques - réponses
Nombre de cartons Pays Joueur % Correct
302 Espagne Sergio Ramos
98%
227 Portugal Pepe
89%
257 Chili Arturo Vidal
70%
250 Brésil Dani Alves
43%
223 Espagne Sergio Busquets
29%
213 Argentine Javier Mascherano
26%
201 Espagne Xabi Alonso
13%
280 Brésil Felipe Melo
11%
214 Espagne Raul Garcia
2%
212 Ecosse Scott Brown
1%
Aucun quiz correspondant
Distribution des résultats
% des personnes avec chaque résultat
Percentile par nombre de réponses
Votre historique - résultats
Vous n’avez pas pris ce quiz